00233pam a2200097a 44500008004100000041000800041100001800049245002100067260003700088300001000125230405s1986 xxu||||| |||| 00| 0 eng d aENG aJacob Millman aMicroelectronics abMcgraw Hill Book companyc1986 a425p.